| 000 | 00922nam0a2200289 i 4500 | ||
|---|---|---|---|
| 001 | RU\NLR\BIBL_A\011146003 | ||
| 005 | 20240727023855.0 | ||
| 010 |
_a9785990614703 _9500 |
||
| 021 |
_aRU _b2016-41776 _92679 |
||
| 035 | _a(NILC)RuMoRGB-008495439 | ||
| 035 | _a(NLR Aleph) 011146003 | ||
| 090 |
_a11645095 _c11645095 |
||
| 100 | _a20160603d2016 u y0rusy50 ca | ||
| 101 | 0 | _arus | |
| 102 | _aRU | ||
| 105 | _aa|||z||||||g| | ||
| 200 | 1 |
_aЗимнее расписание _eновая книга стихов _fЕвгений Артюхов |
|
| 210 |
_aМосква _cНа боевом посту _d2016 |
||
| 215 |
_a126, [1] с. _cил., портр. _d17 |
||
| 686 | 2 | _aШ6(2=Р)8-5 | |
| 700 | 1 |
_aАртюхов _bЕ. А. _f1950- _gЕвгений Анатольевич |
|
| 801 | 0 |
_aRU _bРГБ _c20160523 _gRCR |
|
| 942 | _cBOOK | ||
| 980 | _aNBR | ||